Países que producen ropa para Old Navy - Estadísticas

Estadísticas generales
  • Esta prueba ha sido intentada 31 veces
  • La puntuación promedio es 4 de 8
Estadísticas de respuestas
País % Correcto
Bangladés
93%
India
93%
Indonesia
79%
Vietnam
76%
Sri Lanka
62%
Egipto
24%
Guatemala
10%
Nicaragua
7%
No se encontraron pruebas coincidentes
Distribución de puntuación
Porcentaje de gente con cada puntuación
Porcentaje por número respondido
Historial de tus puntuaciones
No has intentado esta prueba.